000 00784nam a2200217Ii 4500
003 JO-AjNU
008 230605s9999||||xx |||||||||||||| ||und||
017 _a1993/4021
020 _a977-00-4759-6
040 _aJO-AjNU
_bara
_erda
_cJO-AjNU
041 _aara
050 1 4 _aLB1051.E72 1993
100 3 _a/مزروع،طاهر مترجم/Zehner.K م.مشارك/Ihlefeld.U م.مشارك/Erlebach.E مؤلف,
_eauthor
_914984
245 0 0 _aعلم النفس للمعلم والمربي= Psycho logie fur Lehrer und Erzieher
264 3 1 _aالقاهرة:مكتبة النهضة المصرية
300 _a247ص
336 _atext
_btxt
_2rdacontent
337 _aunmediated
_bn
_2rdamedia
338 _avolume
_bnc
_2rdacarrier
650 4 _aعلم النفس التربوي
_914985
999 _aA4126
_c7694
_d7694